000 00448nam a2200181Ia 4500
008 170918s9999 xx 000 0 und d
020 _a9781518960246
050 _bM134 1981
100 _aMcDaniel, Lurlene
245 2 _aA horse for Mandy /
245 _cby Lurlene McDaniel.
260 _aPlain City, OH :
260 _bDarby Creek Publishing,
260 _c1981
300 _a75 pages :
300 _billustrations ;
300 _c19cm.
999 _c344329
_d344329